Medical requirements and examination procedures in relation to the tasks of today's aircrew.

Bibliographic Details
Corporate Author: North Atlantic Treaty Organization. Advisory Group for Aerospace Research and Development. Aerospace Medical Panel
Other Authors: Perdriel, G., Oberholz, H.
Format: Book
Language:English
French
Published: Neuilly-sur-Seine,France : North Atlantic Treaty Organization, Advisory Group for Aerospace Research and Development, 1975.
Series:AGARD conference proceedings ; no. 152-153.
Subjects:

MARC

Tag First Indicator Second Indicator Subfields
LEADER 00000cam a2200000 i 4500
001 in00000606721
005 20151014162440.0
008 751001s1975 fr 00000 eng d
035 |a (OCoLC)01667635 
035 |9 ACS1834AM 
040 |a PAU  |c PAU  |d TXA  |d UtOrBLW 
041 0 |a eng  |a fre 
049 |a TXAM  |c 1  |v 1 [928482]  |v 2 [1572693] 
090 |a RC1075  |b .N671 
110 2 |a North Atlantic Treaty Organization.  |b Advisory Group for Aerospace Research and Development.  |b Aerospace Medical Panel. 
245 1 0 |a Medical requirements and examination procedures in relation to the tasks of today's aircrew. 
264 1 |a Neuilly-sur-Seine,France :  |b North Atlantic Treaty Organization, Advisory Group for Aerospace Research and Development,  |c 1975. 
300 |a 2 volumes :  |b illustrations ;  |c 30 cm. 
336 |a text  |b txt  |2 rdacontent 
337 |a unmediated  |b n  |2 rdamedia 
338 |a volume  |b nc  |2 rdacarrier 
490 1 |a AGARD conference proceedings, no.152-153 
500 |a "Presented at the Aerospace Medical Panel Meeting, held at Pozzuoli (Naples) Italy, 16-20 September 1974." 
500 |a English or French. 
504 |a Includes bibliographical references. 
505 0 |a [v.1] Evaluation of the special senses for flying duties. G.Pedriel.--[v.2] Comparison of examination techniques in neurology, psychiatry and psychology with special emphasis on objective methods and assessment criteria. H.Oberholz. 
650 0 |a Aviation medicine  |x Congresses. 
650 0 |a Flight crews  |x Congresses. 
650 0 |a Physical fitness  |v Congresses. 
650 0 |a Flight  |x Physiological aspects  |x Congresses. 
700 1 |a Perdriel, G. 
700 1 |a Oberholz, H. 
830 0 |a AGARD conference proceedings ;  |v no. 152-153. 
999 |a MARS 
999 f f |s 7b0b7393-b579-3628-b9f8-ccb6d40541a9  |i b4775be9-be48-36f3-bf1f-ee1ccd561112  |t 0 
952 f f |p ric  |a Texas A&M University  |b Rellis Campus  |c Joint Library Facility  |d Remote Storage  |t 0  |e RC1075 .N671  |h Library of Congress classification  |i unmediated -- volume  |k v.1  |m A14805132574 
952 f f |p ric  |a Texas A&M University  |b Rellis Campus  |c Joint Library Facility  |d Remote Storage  |t 0  |e RC1075 .N671  |h Library of Congress classification  |i unmediated -- volume  |k v.2  |m A14805132582 
998 f f |a RC1075 .N671  |s v.1-v.2  |t 0  |l Remote Storage